000 00296nam a22001217a 4500
008 181107b xxu||||| |||| 00| 0 eng d
041 _aeng
080 _a316
100 _a50
101 _aSOC
245 _aProfesional Approach With Parents Handicap Children
_cWebster.E.J
942 _2udc
_cBK
999 _c52101
_d52101